000 00740nam a22002177a 4500
999 _c12067
_d12067
003 AR-CdUCM
008 190405b ||||| |||| 00| 0 spa d
040 _aMUNICIPALIDAD PROVINCIAL DEL CUSCO
_cBIBLIOTECA MUNICIPAL DEL CUSCO
082 _aEP / 808.8 /
_bL59
110 _aAsociación Pukllasunchis
_92457
245 _aEl libro de los animales :
_bAprendiendo castellano 1 /
260 _aCusco :
_bBartolome de las Casas,
_c1999.
300 _a15 paginas ;
_bilustraciones, graficos, dibujos,
_c30 cm.
500 _aLibro de animales silvestres
650 _aCuentos
_9217
650 _aHistoria
_9136
650 _aCuaderno de trabajo
_911620
650 _aTexto educativo
_925832
942 _2ddc
_cLIBROS
945 _apjha
_d2019-04-05